Maailman suurimmat järvet - Statistics

Yleistilastot
  • Tätä visaa on pelattu 873 kertaa
  • Keskiarvotulos 8 / 20
Vastaustilastot
Pinta-ala Maanosa Järvi % Oikein
68 870 Afrikka Victoriajärvi
85%
371 000 Aasia/Eurooppa Kaspianmeri
83%
18 130 Eurooppa Laatokka
80%
31 500 Aasia Baikaljärvi
62%
58 000 Pohjois-Amerikka Michiganjärvi
61%
25 700 Pohjois-Amerikka Eriejärvi
53%
82 100 Pohjois-Amerikka Yläjärvi
50%
59 600 Pohjois-Amerikka Huronjärvi
46%
8 372 Etelä-Amerikka Titicaca
40%
9 720 Eurooppa Ääninen
39%
18 960 Pohjois-Amerikka Ontariojärvi
38%
29 500 Afrikka Malawijärvi
37%
32 600 Afrikka Tanganjikajärvi
32%
31 000 Pohjois-Amerikka Iso Karhujärvi
24%
27 000 Pohjois-Amerikka Iso Orjajärvi
20%
24 514 Pohjois-Amerikka Winnipegjärvi
17%
12 500 Etelämanner Vostokjärvi
14%
8 264 Pohjois-Amerikka Nicaraguajärvi
11%
16 400 Aasia Balkašjärvi
9%
7 850 Pohjois-Amerikka Athabascajärvi
7%
Ehtoja vastaavia visoja ei löytynyt
Tulosjakauma
Jokaisen tuloksen saaneiden osuus
Persentiili vastausten määrän mukaan
Tuloshistoriasi
Et ole pelannut tätä visaa